Govt. of
Madhya Pradesh

101 Way to Make Studying Easier and Faster (Record no. 45847)

MARC details
000 -LEADER
fixed length control field 003630000a22001570004500
003 - CONTROL NUMBER IDENTIFIER
control field MACL
040 ## - CATALOGING SOURCE
Original cataloging agency MACL
090 ## - LOCALLY ASSIGNED LC-TYPE CALL NUMBER (OCLC); LOCAL CALL NUMBER (RLIN)
-- 46332
-- 46330
100 ## - MAIN ENTRY--PERSONAL NAME
Personal name Engle, Janet
245 ## - TITLE STATEMENT
Title 101 Way to Make Studying Easier and Faster
260 ## - PUBLICATION, DISTRIBUTION, ETC. (IMPRINT)
Name of publisher, distributor, etc. Indra Publishing House
Date of publication, distribution, etc. 2010
350 ## - PRICE (NR) (BK AM CF MU VM SE) [OBSOLETE]
Price 175
650 ## - SUBJECT ADDED ENTRY--TOPICAL TERM
Topical term or geographic name as entry element Generalities
942 ## - ADDED ENTRY ELEMENTS (KOHA)
Koha item type Library Membar
Call number prefix 080/ENG
951 ## - EQUIVALENCE OR CROSS-REFERENCE--GEOGRAPHIC NAME/AREA NAME [OBSOLETE] [CAN/MARC only]
-- 080/ENG BOOK

No items available.